000 00419nam a22001817a 4500
005 20231121114559.0
008 231114b |||||||| |||| 00| 0 eng d
020 _a1843981173
082 _a658.311
_bROB
100 _aRoberts, Gareth
245 _aRecruitment and selection
250 _a2nd ed.
260 _aUSA
_c2005
_bcipd
300 _a213
500 _aInclude Index
650 _aManagement
999 _c34721
_d34721